000 00874nas a2200289 4500
001 BR7901289
003 BR-BrBNA
005 20231205083646.0
007 ta
008 230509b bl.|||p| |||| 00| 00por d
040 _aBR-BrBNA
_bpor
_cBiblioteca Nacional de Agricultura
041 _a(Pt)
072 _aF25; F27
100 1 _aArruda, F.B.
100 1 _aLorenzi, J.O.
100 1 _aBarreto, G.B.
100 1 _aAbramides, E.
245 1 _aComportamento de duas variedades de mandioca sob dois niveis de umidade e de adubacao do solo [Manihot esculenta]
650 _aFERTILIDADE DO SOLO
650 _aCULTIVO DO SOLO
650 _aMANDIOCA
650 _aADUBACAO
650 _aCULTURA IRRIGADA
773 0 _tBragantia (Brazil)
_xISSN 0006-8705
_g(Nov 1978), v. 37 p. 109-116
_wBR7901289
909 _a202311
_bLúcia
_c55
_dLúcia Elande
942 _2AGRIS
_n0
_cANA
999 _c100381
_d100381